[Event "Elit(LASK-Wasa)"]
[Site "?"]
[Date "2007.10.20"]
[Round "2"]
[White "Olsson, Linus"]
[Black "Astrom, Goran"]
[Result "1-0"]
[WhiteElo "2471"]
[BlackElo "2297"]
[PlyCount "87"]

1. Nf3 c5 2. c4 Nf6 3. Nc3 e6 4. g3 b6 5. Bg2 Bb7 6. O-O Be7 7. Re1 Ne4 8. Nxe4
Bxe4 9. d3 Bb7 10. e4 d6 11. d4 cxd4 12. Nxd4 O-O 13. b3 a6 14. Bb2 Nd7 15. f4
Re8 16. f5 e5 17. Nc2 b5 18. cxb5 axb5 19. Nb4 Nf6 20. Kh1 Qa5 21. a3 Rad8 22.
h3 Qa8 23. Nd5 Nxd5 24. exd5 Rc8 25. Qd2 Rc5 26. Rad1 Qd8 27. Be4 Bg5 28. Qf2
Qa8 29. Qg2 Rec8 30. h4 Bh6 31. Rf1 b4 32. axb4 Rb5 33. Ra1 Qb8 34. Ra4 Qc7 35.
f6 g6 36. h5 Qb6 37. hxg6 hxg6 38. Raa1 Qe3 39. Bc1 Rxc1 40. Raxc1 Qxb3 41. Rb1
Qc4 42. Rfd1 Bg5 43. Qf3 Bxf6 44. Rbc1 1-0

[Event "Elit(LASK-Wasa)"]
[Site "?"]
[Date "2007.10.20"]
[Round "2"]
[White "Collett, Peter"]
[Black "Semcesen, Daniel"]
[Result "1/2-1/2"]
[WhiteElo "2262"]
[BlackElo "2403"]
[PlyCount "72"]

1. d4 d5 2. c4 dxc4 3. Nf3 Nf6 4. e3 e6 5. Bxc4 a6 6. a4 c5 7. O-O Nc6 8. Qe2
Qc7 9. Nc3 Bd6 10. dxc5 Bxc5 11. e4 Ng4 12. g3 O-O 13. Bf4 e5 14. Nd5 Qd6 15.
Bd2 Nf6 16. Bg5 Nxd5 17. Bxd5 Bg4 18. Be3 Bd4 19. Rfd1 Rad8 20. h3 Bxf3 21.
Qxf3 Rd7 22. Bxd4 Nxd4 23. Qd3 Qb6 24. b3 Rc8 25. Rac1 Rdc7 26. Rc4 Rxc4 27.
bxc4 Rc7 28. Rb1 Qa5 29. Bxb7 Qxa4 30. Bd5 h6 31. Kg2 Kh7 32. Qc3 Qa2 33. Ra1
Qe2 34. Re1 Qa2 35. Ra1 Qe2 36. Re1 Qa2 1/2-1/2

[Event "Elit(LASK-Wasa)"]
[Site "?"]
[Date "2007.10.20"]
[Round "2"]
[White "Mikkelsen, Nikolaj"]
[Black "Heinola, Vesa"]
[Result "1-0"]
[WhiteElo "2365"]
[BlackElo "2287"]
[PlyCount "79"]

1. e4 c5 2. Nf3 Nc6 3. d4 cxd4 4. Nxd4 g6 5. Nc3 Bg7 6. Be3 Nf6 7. Bc4 O-O 8.
Bb3 a5 9. O-O a4 10. Nxa4 Nxe4 11. Nb5 Ra6 12. Qe2 Nf6 13. Nc5 Ra8 14. Na4 Ra6
15. Rad1 d6 16. c4 Na5 17. Bc2 Be6 18. b3 Ng4 19. Nc5 Nxe3 20. Qxe3 Nxc4 21.
bxc4 Bxc4 22. Nxa6 Bxb5 23. Nb4 Bxf1 24. Rxf1 Qa5 25. Qe4 e6 26. Qxb7 Bc3 27.
Rb1 Bxb4 28. Qxb4 Qxa2 29. Bd3 d5 30. Re1 Qa7 31. h4 Rb8 32. Qc3 Qa2 33. h5 Qb2
34. Qc7 Qb7 35. Qg3 Rf8 36. h6 Qb2 37. Qf4 Qc3 38. Rc1 Qb2 39. Rb1 Qc3 40. Bf1
1-0

[Event "Elit(LASK-Wasa)"]
[Site "?"]
[Date "2007.10.20"]
[Round "2"]
[White "Nordstrom, Felix"]
[Black "Nilsson, Sebastian"]
[Result "1/2-1/2"]
[WhiteElo "2124"]
[BlackElo "2271"]
[PlyCount "123"]

1. c4 c5 2. Nf3 b6 3. d4 cxd4 4. Nxd4 Bb7 5. Nc3 Nf6 6. f3 e6 7. e4 d6 8. Be3
Be7 9. Be2 O-O 10. O-O a6 11. Qd2 Nbd7 12. Rfd1 Rc8 13. Rac1 Qc7 14. Bf1 Qb8
15. Qf2 Kh8 16. b4 Ne5 17. Na4 Bd8 18. Nb2 Bc7 19. Nb3 Nfd7 20. h3 Rce8 21. Nd3
Ba8 22. Nxe5 Nxe5 23. a3 f5 24. exf5 Rxf5 25. Nd4 Rf6 26. Be2 h6 27. Qe1 Ng6
28. Qd2 Ref8 29. Rf1 Qe8 30. Bd3 Qf7 31. Rf2 Nh4 32. f4 Qe8 33. Rcf1 Bd8 34. g3
Nf5 35. Nxf5 exf5 36. Bd4 Re6 37. Kh2 Qc6 38. Qc2 Bf6 39. Bxf5 Ree8 40. Bxf6
Rxf6 41. Bg4 Re3 42. Rf3 Qe8 43. Rxe3 Qxe3 44. Qe2 Qxe2+ 45. Bxe2 Re6 46. Bf3
Bxf3 47. Rxf3 Re2+ 48. Kg1 Rc2 49. Rd3 Rxc4 50. Rxd6 Rc3 51. Kf2 Rxa3 52. Rxb6
a5 53. bxa5 Rxa5 54. Kf3 h5 55. Rg6 Ra3+ 56. Ke4 h4 57. gxh4 Rxh3 58. Rg4 Kg8
59. f5 Kf7 60. Kf4 Rh1 61. Kg5 Rf1 62. Rg2 1/2-1/2

[Event "Elit(LASK-Wasa)"]
[Site "?"]
[Date "2007.10.20"]
[Round "2"]
[White "Dragicevic, Drazen"]
[Black "Nystrom, Ragnar"]
[Result "1-0"]
[WhiteElo "2395"]
[BlackElo "1955"]
[PlyCount "63"]

1. e4 e6 2. d4 d5 3. Nc3 Bb4 4. Nge2 dxe4 5. a3 Be7 6. Nxe4 Nf6 7. N2g3 O-O 8.
Be3 Nxe4 9. Nxe4 Nd7 10. Bd3 Nf6 11. Qf3 Rb8 12. Qh3 Nxe4 13. Bxe4 g6 14. Qh6
Bf6 15. h4 e5 16. dxe5 Bxe5 17. c3 Be6 18. h5 Bg7 19. Qf4 f5 20. Bf3 b6 21.
hxg6 hxg6 22. Be2 Kf7 23. Rh7 Rh8 24. Rxg7+ Kxg7 25. Bd4+ Kf7 26. Bxh8 Qxh8 27.
Qxc7+ Kf6 28. O-O-O Re8 29. f4 Qh2 30. Qe5+ Kf7 31. Bc4 Qh4 32. Rd7+ 1-0

[Event "Elit(Solna-Limhamn)"]
[Site "?"]
[Date "2007.10.20"]
[Round "2"]
[White "Jepson, Christian"]
[Black "Lindberg, Bengt"]
[Result "1/2-1/2"]
[WhiteElo "2440"]
[BlackElo "2495"]
[PlyCount "31"]
[SourceDate "2007.11.03"]

1. d4 Nf6 2. c4 e6 3. Nc3 Bb4 4. Qb3 c5 5. dxc5 Nc6 6. Nf3 O-O 7. Bg5 Bxc5 8.
e3 Be7 9. Be2 b6 10. O-O Bb7 11. Rac1 Rc8 12. a3 Na5 13. Qa2 d5 14. cxd5 Nxd5
15. Bxe7 Qxe7 16. Nb5 1/2-1/2

[Event "Elit(Solna-Limhamn)"]
[Site "?"]
[Date "2007.10.20"]
[Round "2"]
[White "Jonsson, Mikael"]
[Black "Brynell, Stellan"]
[Result "0-1"]
[WhiteElo "2308"]
[BlackElo "2604"]
[PlyCount "72"]

1. d4 e6 2. c4 Nf6 3. Nc3 Bb4 4. e3 b6 5. Bd3 Bb7 6. f3 c5 7. Nge2 cxd4 8. exd4
d5 9. O-O dxc4 10. Bxc4 O-O 11. Bg5 Be7 12. Qd3 Nc6 13. a3 Rc8 14. Rac1 Nd5 15.
Bxe7 Ncxe7 16. Ba2 Qd7 17. Nxd5 Nxd5 18. Rxc8 Rxc8 19. Rc1 Rxc1+ 20. Nxc1 Nf4
21. Qe3 Qd6 22. Bb1 f6 23. Kf2 Kf7 24. Ba2 Bd5 25. g3 Bxa2 26. Nxa2 Nd5 27. Qd3
Ne7 28. Nc3 Nf5 29. Ne2 h5 30. Qc3 h4 31. Qc4 Ne7 32. Nf4 g5 33. Ne2 Nf5 34.
Qd3 Kg7 35. Qe4 Qd7 36. Qd3 Qd5 0-1

[Event "Elit(Solna-Limhamn)"]
[Site "?"]
[Date "2007.10.20"]
[Round "2"]
[White "Tadjerbashi, Amir"]
[Black "Bergstrom, Christer"]
[Result "1-0"]
[WhiteElo "2244"]
[BlackElo "2351"]
[PlyCount "73"]

1. e4 c5 2. Nf3 Nc6 3. d4 cxd4 4. Nxd4 e6 5. Nc3 a6 6. g3 Qc7 7. Bg2 Nf6 8. O-O
Nxd4 9. Qxd4 Bc5 10. Bf4 d6 11. Qd2 h6 12. Rad1 e5 13. Be3 Bg4 14. Bxc5 dxc5
15. f3 Be6 16. Nd5 Bxd5 17. exd5 Qd6 18. f4 O-O 19. fxe5 Qxe5 20. d6 Qxb2 21.
c4 Qxd2 22. Rxd2 Rab8 23. a4 Rfd8 24. Rb1 b6 25. Re1 Kf8 26. Bc6 Ne8 27. d7 Nc7
28. Rde2 Ne6 29. Rxe6 fxe6 30. Rxe6 Kf7 31. Re4 Rf8 32. Kf2 Kg6+ 33. Ke3 Rf6
34. Re8 Rf8 35. Ke4 Kf7 36. Kd5 Rd8 37. Re2 1-0

[Event "Elit(Solna-Limhamn)"]
[Site "?"]
[Date "2007.10.20"]
[Round "2"]
[White "Johansson, Gunnar"]
[Black "Nylen, Anders"]
[Result "1-0"]
[WhiteElo "2270"]
[BlackElo "2239"]
[PlyCount "77"]

1. Nf3 Nf6 2. c4 g6 3. g3 Bg7 4. Bg2 O-O 5. d4 d5 6. O-O Nc6 7. b3 Bf5 8. Bb2
Qc8 9. Nc3 dxc4 10. bxc4 Bh3 11. e4 Rd8 12. Qc2 Bxg2 13. Kxg2 Qg4 14. Rad1 Nh5
15. Ne2 b6 16. h3 Qd7 17. e5 Bf8 18. Ng5 Na5 19. d5 Qf5 20. Ne4 Ng7 21. g4 Qd7
22. f4 c6 23. f5 cxd5 24. cxd5 Rac8 25. Qd3 Nc4 26. Ba1 Qxd5 27. Qf3 Qxd1 28.
Rxd1 Rxd1 29. Bd4 Rd8 30. fxg6 fxg6 31. Ng5 Nd2 32. Qf7+ Kh8 33. Nf4 Rf1 34.
Bf2 Rd1 35. Nfe6 Nb1 36. Nxd8 Rxd8 37. Qb3 Nd2 38. Nf7+ Kg8 39. Nh6+ 1-0

[Event "Elit(Solna-Limhamn)"]
[Site "?"]
[Date "2007.10.20"]
[Round "2"]
[White "Penalver, Osmani"]
[Black "Karlsson, Tomas"]
[Result "1/2-1/2"]
[WhiteElo "2264"]
[BlackElo "2287"]
[PlyCount "123"]

1. d4 Nf6 2. c4 g6 3. Nc3 d5 4. Nf3 Bg7 5. Bg5 Ne4 6. cxd5 Nxg5 7. Nxg5 e6 8.
Qd2 exd5 9. Qe3+ Kf8 10. Qf4 Bf6 11. h4 c6 12. e4 h6 13. Nxf7 Kxf7 14. e5 Kg7
15. exf6+ Qxf6 16. Qxf6+ Kxf6 17. Kd2 Be6 18. Bd3 Nd7 19. Rae1 Rae8 20. Re3 Bf7
21. Rg3 Nf8 22. Rhh3 Ne6 23. Ne2 g5 24. Rf3+ Kg7 25. Bf5 Bh5 26. g4 Bg6 27. Rb3
Nd8 28. Ng3 gxh4 29. Rxh4 Re7 30. Bxg6 Kxg6 31. Nf5 Re4 32. f3 Ree8 33. Rh5 Re6
34. Nh4+ Kg7 35. Nf5+ Kg6 36. Nh4+ Kg7 37. Re5 b6 38. f4 Rxe5 39. dxe5 Ne6 40.
f5 Nc5 41. Re3 Ne4+ 42. Ke2 Re8 43. Ng6 c5 44. Rxe4 dxe4 45. Ke3 Rd8 46. Nf4
Kf7 47. Ne2 Rd3+ 48. Kxe4 Rd2 49. Nf4 Rd4+ 50. Ke3 a5 51. Kf3 a4 52. Ne6 Rd1
53. g5 hxg5 54. Nxg5+ Kg7 55. Ne6+ Kf7 56. Ng5+ Kg7 57. Kf4 Rf1+ 58. Ke4 c4 59.
Ne6+ Kf7 60. Ng5+ Kg7 61. Ne6+ Kf7 62. Ng5+ 1/2-1/2

[Event "Elit(Solna-Limhamn)"]
[Site "?"]
[Date "2007.10.20"]
[Round "2"]
[White "Landgren, Andreas"]
[Black "Mansson, Lars"]
[Result "0-1"]
[WhiteElo "2213"]
[BlackElo "2209"]
[PlyCount "80"]

1. d4 d5 2. c4 c6 3. Nf3 Nf6 4. Nc3 dxc4 5. a4 Bf5 6. Ne5 Nbd7 7. Nxc4 Nb6 8.
Ne5 a5 9. f3 Nfd7 10. Nxd7 Nxd7 11. e4 Bg6 12. f4 e6 13. Bd3 Nf6 14. Be3 Bb4
15. Qc2 O-O 16. h3 c5 17. dxc5 Nd7 18. O-O-O Qe7 19. Kb1 f6 20. Rhe1 Nxc5 21.
f5 Nxd3 22. Qxd3 Rad8 23. Qc4 Bf7 24. fxe6 Qxe6 25. Qxe6 Bxe6 26. Kc2 Bf7 27.
Rxd8 Rxd8 28. Bf4 Bg6 29. Kb3 Bf7+ 30. Kc2 Be8 31. Kb3 Bc6 32. g3 Rd4 33. e5
fxe5 34. Bxe5 Rd3 35. h4 Rf3 36. Rd1 Be7 37. Rd4 h5 38. Bf4 Bf6 39. Rd6 Bxh4
40. Be5 Bxg3 0-1

[Event "Elit(Solna-Limhamn)"]
[Site "?"]
[Date "2007.10.20"]
[Round "2"]
[White "Johansson, Thomas"]
[Black "Steneskog, Per"]
[Result "1-0"]
[WhiteElo "2224"]
[BlackElo "2245"]
[PlyCount "79"]

1. e4 c6 2. Nf3 d5 3. exd5 cxd5 4. Ne5 Nf6 5. d4 g6 6. Bd3 Bg7 7. O-O O-O 8.
Nd2 Nfd7 9. f4 Qb6 10. Nef3 Bxd4+ 11. Nxd4 Qxd4+ 12. Kh1 Nc6 13. f5 Qg7 14. c4
Nde5 15. Be2 Bxf5 16. cxd5 Nd4 17. Rf4 Nxe2 18. Qxe2 Rac8 19. Nb3 Nd3 20. Ra4
Nxc1 21. Rxc1 Rxc1+ 22. Nxc1 Rc8 23. Rc4 Rxc4 24. Qxc4 Qxb2 25. h3 b5 26. Qf4
Kg7 27. Nb3 Qb1+ 28. Kh2 Qe4 29. Qc7 a6 30. Nc5 Qxd5 31. Qxe7 Be6 32. Nxa6 Qe5+
33. Kh1 Qa1+ 34. Kh2 Qe5+ 35. Kh1 Qa1+ 36. Kh2 Qxa2 37. Nc7 Qc4 38. Ne8+ Kh6
39. Qf6 Qe4 40. h4 1-0

[Event "Elit(Solna-Limhamn)"]
[Site "?"]
[Date "2007.10.20"]
[Round "2"]
[White "Dalmau, Jorgen"]
[Black "Holst, Conny"]
[Result "1-0"]
[WhiteElo "2152"]
[BlackElo "2233"]
[PlyCount "83"]

1. e4 c5 2. Nf3 d6 3. d4 cxd4 4. Nxd4 Nf6 5. Nc3 Nc6 6. f3 e6 7. Be3 a6 8. g4
Be7 9. Qd2 O-O 10. O-O-O Nxd4 11. Qxd4 Nd7 12. h4 b5 13. Kb1 Qc7 14. h5 h6 15.
Rg1 Ne5 16. Be2 Bd7 17. g5 hxg5 18. Bxg5 f6 19. Bh6 Rf7 20. Rg2 Kh7 21. Bc1 b4
22. Nd5 exd5 23. f4 Rc8 24. Bxa6 Bg4 25. Bxc8 Qxc8 26. fxe5 dxe5 27. Qxd5 Be6
28. Qd3 Bc5 29. Qg3 Qa8 30. Qg6+ Kh8 31. b3 Bd4 32. Rxd4 exd4 33. h6 Qf8 34. e5
Bd5 35. Rh2 Kg8 36. hxg7 Qxg7 37. Qxg7+ Kxg7 38. exf6+ Rxf6 39. Rh4 d3 40. cxd3
Rf1 41. Rxb4 Kf7 42. Rf4+ 1-0

[Event "Elit(Skara-Rockaden)"]
[Site "?"]
[Date "2007.10.21"]
[Round "3"]
[White "Barkhagen, Jonas"]
[Black "Cicak, Slavko"]
[Result "0-1"]
[WhiteElo "2556"]
[BlackElo "2583"]
[PlyCount "74"]
[SourceDate "2007.11.04"]

1. d4 d5 2. c4 dxc4 3. Nf3 Nf6 4. e3 e6 5. Bxc4 a6 6. a4 b6 7. O-O Nbd7 8. Nc3
Bb4 9. Qe2 Bb7 10. Bd3 Qe7 11. e4 e5 12. Nxe5 Nxe5 13. dxe5 Qxe5 14. Be3 O-O
15. f4 Qe6 16. f5 Qe7 17. Bf4 Bxc3 18. bxc3 Bxe4 19. Bxe4 Rfe8 20. Bf3 Qxe2 21.
Bxe2 Rxe2 22. c4 c6 23. Bc7 Rc2 24. Rfc1 Rxc1+ 25. Rxc1 b5 26. cxb5 cxb5 27.
axb5 axb5 28. Be5 Ne4 29. Re1 Ra4 30. Rb1 f6 31. Bb8 h5 32. h3 b4 33. Rb3 Nc5
34. Re3 b3 35. Bd6 b2 36. Re8+ Kh7 37. Rb8 Nd3 0-1

[Event "Elit(Skara-Rockaden)"]
[Site "?"]
[Date "2007.10.21"]
[Round "3"]
[White "Gausel, Einar"]
[Black "Hermansson, Emil"]
[Result "1-0"]
[WhiteElo "2582"]
[BlackElo "2543"]
[PlyCount "73"]

1. d4 Nf6 2. Nf3 g6 3. Bg5 Bg7 4. Nbd2 O-O 5. c3 d5 6. e3 Nbd7 7. Be2 Re8 8.
O-O e5 9. Bh4 c6 10. Bg3 exd4 11. cxd4 Ne4 12. Nxe4 dxe4 13. Nd2 c5 14. Nb3 Qb6
15. Rc1 cxd4 16. exd4 Nf8 17. Rc5 Ne6 18. Rd5 f5 19. Qd2 a5 20. Bb5 Rd8 21.
Rxd8+ Qxd8 22. d5 Nc7 23. Bxc7 Qxc7 24. d6 Qb6 25. Qd5+ Kh8 26. a4 e3 27. Nc5
f4 28. d7 Bxd7 29. Nxd7 exf2+ 30. Kh1 Qe3 31. Qxb7 Rd8 32. Qb6 Re8 33. Qc6 Bxb2
34. Ne5 Rf8 35. Nc4 Qe2 36. Nxb2 Qxb2 37. Qc5 1-0

[Event "Elit(Skara-Rockaden)"]
[Site "?"]
[Date "2007.10.21"]
[Round "3"]
[White "Olsson, Anders"]
[Black "Svensson, Sven"]
[Result "1-0"]
[WhiteElo "2479"]
[BlackElo "2273"]
[PlyCount "71"]

1. e4 e5 2. Nf3 Nc6 3. Bc4 Bc5 4. O-O Nf6 5. d3 a6 6. c3 d6 7. Nbd2 O-O 8. Bb3
Ba7 9. h3 Ne7 10. Re1 Ng6 11. Nf1 h6 12. d4 Re8 13. Ng3 c5 14. Be3 Qc7 15. Qd2
Kh7 16. Rad1 Be6 17. d5 Bd7 18. c4 Bb6 19. Re2 Ba5 20. Qc1 b5 21. Nh2 Qc8 22.
f3 Ng8 23. Ng4 N6e7 24. Nh5 f5 25. exf5 Bxf5 26. Ng3 Bg6 27. Bf2 Nf6 28. Bc2
Qd7 29. Bxg6+ Nxg6 30. Qxh6+ gxh6 31. Nxf6+ Kg7 32. Ngh5+ Kf7 33. Nxd7 Bd8 34.
cxb5 axb5 35. b3 Ra7 36. Nb8 1-0

[Event "Elit(Skara-Rockaden)"]
[Site "?"]
[Date "2007.10.21"]
[Round "3"]
[White "Mohammadi, Amir"]
[Black "Engqvist, Thomas"]
[Result "1/2-1/2"]
[WhiteElo "2303"]
[BlackElo "2428"]
[PlyCount "117"]
[EventDate "2007.??.??"]

1. e4 c6 2. d4 d5 3. e5 c5 4. c3 Nc6 5. Be2 Bf5 6. Nf3 e6 7. O-O Bg4 8. b3 Nh6
9. Be3 Nf5 10. Nbd2 cxd4 11. cxd4 Ba3 12. h3 Bh5 13. g4 Nxe3 14. fxe3 Bg6 15.
Qe1 h6 16. Qf2 O-O 17. Qg3 Qa5 18. Rad1 Bc2 19. g5 h5 20. g6 fxg6 21. Nh4 Ne7
22. Ndf3 Bxd1 23. Rxd1 Rae8 24. Nxg6 Nf5 25. Qg5 Bc1 26. Qxh5 Bxe3+ 27. Kh2
Qxa2 28. Nfh4 Bf4+ 29. Kg1 Be3+ 30. Kh2 Nh6 31. Ne7+ Kh8 32. Nhg6+ Kh7 33.
Nxf8+ Rxf8 34. Kh1 Bf4 35. Rg1 Qc2 36. Qf3 Rf5 37. Nxf5 Nxf5 38. Qxf4 Qxe2 39.
Qg4 Qe4+ 40. Qxe4 dxe4 41. Re1 a5 42. Ra1 b6 43. Ra4 b5 44. Rxa5 Nxd4 45. b4 g5
46. Ra6 Kg6 47. Rd6 Nc2 48. Rxe6+ Kf5 49. Rc6 Nxb4 50. Rc5 e3 51. e6+ Kxe6 52.
Rc8 Kd7 53. Rc1 Nd5 54. Kg2 Nf4+ 55. Kf3 e2 56. Rb1 Nxh3 57. Kxe2 Kc6 58. Kf3
Nf4 59. Kg4 1/2-1/2

[Event "Elit(Skara-Rockaden)"]
[Site "?"]
[Date "2007.10.21"]
[Round "3"]
[White "Hedman, Erik"]
[Black "Eklund, Lars-Goran"]
[Result "1-0"]
[WhiteElo "2442"]
[BlackElo "2358"]
[PlyCount "61"]

1. e4 c5 2. Nf3 Nc6 3. Bb5 e6 4. Nc3 Nge7 5. O-O a6 6. Bxc6 Nxc6 7. d4 cxd4 8.
Nxd4 Qc7 9. Nxc6 dxc6 10. a4 b6 11. Be3 c5 12. Qg4 f6 13. Rad1 Qf7 14. Rd2 Bb7
15. Bf4 Rc8 16. Rfd1 h5 17. Qe2 e5 18. Be3 Qe6 19. Nd5 Kf7 20. Nxf6 Kxf6 21.
Qf3+ Kg6 22. Rd6 Bxd6 23. Rxd6 Qf6 24. Qf5+ Kf7 25. Rxf6+ gxf6 26. Qd7+ Kg6 27.
Qxb7 Rb8 28. Qxa6 Rhd8 29. h4 Rd6 30. Kh2 Rbd8 31. b3 1-0

[Event "Elit(Skara-Rockaden)"]
[Site "?"]
[Date "2007.10.21"]
[Round "3"]
[White "Friberg, Hans"]
[Black "Blomqvist, Erik"]
[Result "0-1"]
[WhiteElo "2271"]
[BlackElo "2405"]
[PlyCount "44"]

1. Nf3 d5 2. d4 Nf6 3. c4 e6 4. Nc3 c6 5. Bg5 h6 6. Bxf6 Qxf6 7. Qc2 Nd7 8. e4
dxe4 9. Qxe4 g6 10. Bd3 Bg7 11. O-O O-O 12. Rfe1 c5 13. d5 e5 14. Bf1 Qb6 15.
Qc2 f5 16. Rab1 e4 17. Nd2 Ne5 18. f3 Bd7 19. fxe4 Ng4 20. Nf3 Bd4+ 21. Nxd4
cxd4 22. Na4 Bxa4 0-1

[Event "Elit(Skara-Rockaden)"]
[Site "?"]
[Date "2007.10.21"]
[Round "3"]
[White "Livner, Anders"]
[Black "Andersson, Goran"]
[Result "1-0"]
[WhiteElo "2397"]
[BlackElo "2216"]
[PlyCount "67"]

1. d4 Nf6 2. c4 e6 3. Nf3 d5 4. Nc3 c6 5. e3 Nbd7 6. Bd3 dxc4 7. Bxc4 b5 8. Be2
Bb7 9. O-O a6 10. e4 c5 11. d5 exd5 12. e5 Ng4 13. e6 fxe6 14. Ng5 Ngf6 15.
Nxe6 Qb6 16. Re1 Kf7 17. Bf4 Bd6 18. Bf3 Bxf4 19. Nxd5 Bxd5 20. Bxd5 Nxd5 21.
Qxd5 Nf6 22. Nd8+ Kg6 23. Qd3+ Kh5 24. Qf3+ Kg6 25. Qd3+ Kh5 26. Ne6 Qd6 27.
Qf5+ Kh6 28. Rad1 Bd2 29. Re3 Bxe3 30. Rxd6 Bc1 31. Rd3 Nh5 32. Rh3 g6 33.
Rxh5+ gxh5 34. Qf6# 1-0

[Event "Elit(Skara-Rockaden)"]
[Site "?"]
[Date "2007.10.21"]
[Round "3"]
[White "Dahlstrom, Rickard"]
[Black "Bator, Robert"]
[Result "0-1"]
[WhiteElo "2067"]
[BlackElo "2405"]
[PlyCount "110"]

1. c4 c6 2. Nc3 d5 3. d4 Nf6 4. Nf3 a6 5. cxd5 cxd5 6. g3 Nc6 7. Bg2 Bf5 8. O-O
e6 9. Bf4 Bd6 10. Bxd6 Qxd6 11. Nh4 Bg4 12. Qd2 O-O 13. Rfe1 Bh5 14. Rac1 Qb4
15. e3 Rac8 16. Bf1 g5 17. Ng2 Bg6 18. h4 h6 19. hxg5 hxg5 20. Red1 Kg7 21. Ne1
Rh8 22. Bg2 Qe7 23. Nf3 Ng4 24. e4 dxe4 25. Ne1 f5 26. d5 Rcd8 27. Qe2 exd5 28.
Nxd5 Qe5 29. Ne3 Nd4 30. Rxd4 Rxd4 31. Nxg4 fxg4 32. Nc2 Rc8 33. Re1 Rdc4 34.
Ne3 Rc1 35. Nxg4 Rxe1+ 36. Qxe1 Qxb2 37. Bf1 Qd4 38. Qa5 Qc5 39. Qd2 Rc7 40.
Qd8 Rf7 41. Qd2 Kh7 42. Qb2 Qf5 43. Ne3 Qf6 44. Qe2 b5 45. Bh3 a5 46. Ng4 Qf5
47. Qf1 b4 48. Qa6 a4 49. Qb6 a3 50. Kg2 b3 51. Qxb3 Bh5 52. f3 Qxf3+ 53. Qxf3
exf3+ 54. Kf2 Bxg4 55. Bxg4 Kg6 0-1

[Event "Elit(Kamraterna-Sollentuna)"]
[Site "?"]
[Date "2007.10.21"]
[Round "3"]
[White "Agrest, Evgenij"]
[Black "Svensson, Bengt"]
[Result "1-0"]
[WhiteElo "2653"]
[BlackElo "2508"]
[PlyCount "65"]

1. c4 c6 2. Nf3 d5 3. e3 Nf6 4. Qc2 e6 5. b3 Nbd7 6. Bb2 Bd6 7. Nc3 Qe7 8. h3
b6 9. cxd5 cxd5 10. Nb5 Bb7 11. Nc7+ Bxc7 12. Qxc7 Nc5 13. Qxe7+ Kxe7 14. Ba3
Ke8 15. Rc1 Rc8 16. d4 Ncd7 17. Rxc8+ Bxc8 18. Bd3 Bb7 19. O-O h6 20. Rc1 Kd8
21. Bb5 a6 22. Bxd7 Nxd7 23. Bd6 f6 24. Rc7 Bc8 25. Ne1 a5 26. b4 e5 27. bxa5
bxa5 28. dxe5 fxe5 29. Ra7 h5 30. Nf3 d4 31. exd4 exd4 32. Nxd4 Rh6 33. Nf5 1-0

[Event "Elit(Kamraterna-Sollentuna)"]
[Site "?"]
[Date "2007.10.21"]
[Round "3"]
[White "Svenn, Gosta"]
[Black "Cramling, Pia"]
[Result "0-1"]
[WhiteElo "2362"]
[BlackElo "2589"]
[PlyCount "106"]

1. d4 d5 2. c4 c6 3. Nf3 Nf6 4. Qb3 dxc4 5. Qxc4 Bf5 6. g3 e6 7. Bg2 Nbd7 8.
O-O Be7 9. Nbd2 O-O 10. Qb3 Nb6 11. Nc4 Nxc4 12. Qxc4 Be4 13. Bf4 Qb6 14. Ne5
Bxg2 15. Kxg2 Rfd8 16. Rfd1 a5 17. Rac1 a4 18. Be3 Rd5 19. Qc2 Qa6 20. Rd3 h6
21. f3 Nd7 22. Nxd7 Rxd7 23. Bf2 Rad8 24. Rcd1 Qb5 25. Rc3 e5 26. Rc4 Bf6 27.
Rd2 a3 28. bxa3 exd4 29. Rd3 Qf5 30. Rb3 Qxc2 31. Rxc2 Ra8 32. Rc4 Ra6 33. a4
Ra5 34. Rcb4 c5 35. Rc4 Be7 36. Rb5 Ra6 37. a5 Re6 38. Rc2 Kh7 39. Rcb2 c4 40.
Kf1 c3 41. Rc2 Bf6 42. Rb4 Ree7 43. a4 Rd5 44. Rb5 Red7 45. Rc1 Bd8 46. Rb4
Bxa5 47. Rc4 d3 48. exd3 Rxd3 49. f4 Rd2 50. h3 R7d3 51. Be1 Rf3+ 52. Kg1 Bb6+
53. Kh1 Rf1# 0-1

[Event "Elit(Kamraterna-Sollentuna)"]
[Site "?"]
[Date "2007.10.21"]
[Round "3"]
[White "Ivanov, Sergej"]
[Black "Andreasson, Ingvar"]
[Result "1-0"]
[WhiteElo "2587"]
[BlackElo "2400"]
[PlyCount "76"]

1. d4 Nf6 2. c4 g6 3. Nc3 Bg7 4. e4 d6 5. Nf3 O-O 6. Be2 e5 7. O-O Na6 8. Re1
c6 9. Bf1 Bg4 10. d5 Kh8 11. Be3 c5 12. Be2 Ng8 13. a3 Bd7 14. Nb5 Be8 15. g3
Bh6 16. Bxh6 Nxh6 17. Qd2 Ng8 18. Bf1 f6 19. Rab1 Qe7 20. b4 b6 21. Nh4 Rb8 22.
f4 Rb7 23. Bh3 Bd7 24. Bxd7 Qxd7 25. Ng2 Kg7 26. Ne3 cxb4 27. axb4 Nb8 28. f5
Rc8 29. Ra1 a6 30. Nc3 Qd8 31. Rec1 Ne7 32. g4 a5 33. bxa5 bxa5 34. Nb5 Qb6 35.
Kf2 Na6 36. Qxa5 Nc5 37. Qxb6 Nxe4+ 38. Kf3 Ng5+ 1-0

[Event "Elit(Kamraterna-Sollentuna)"]
[Site "?"]
[Date "2007.10.21"]
[Round "3"]
[White "Haggstrom, Olle"]
[Black "Lindberg, Bo"]
[Result "0-1"]
[WhiteElo "2243"]
[BlackElo "2472"]
[PlyCount "52"]

1. d4 Nf6 2. Nf3 e6 3. e3 b6 4. Bd3 Bb7 5. O-O d5 6. b3 Nbd7 7. Bb2 Bd6 8. Ne5
O-O 9. Nd2 c5 10. f4 Qc7 11. c4 Ne4 12. Rc1 Rac8 13. Nxe4 dxe4 14. Nxd7 Qxd7
15. Bb1 Rfd8 16. Qe2 Qc7 17. dxc5 Bxc5 18. f5 exf5 19. Rxf5 Rd7 20. Bc3 Qd6 21.
Rcf1 Rcd8 22. Bxg7 Kxg7 23. Qb2+ f6 24. Rg5+ Kh8 25. Rxf6 Bxe3+ 26. Kh1 Qd4 0-1

[Event "Elit(Kamraterna-Sollentuna)"]
[Site "?"]
[Date "2007.10.21"]
[Round "3"]
[White "Ernst, Thomas"]
[Black "Hamark, Jesper"]
[Result "1/2-1/2"]
[WhiteElo "2530"]
[BlackElo "2381"]
[PlyCount "60"]

1. d4 d5 2. c4 e6 3. Nc3 Nf6 4. Bg5 c5 5. cxd5 cxd4 6. Qxd4 Be7 7. e4 Nc6 8.
Qd2 exd5 9. Bxf6 Bxf6 10. exd5 Qe7+ 11. Nge2 Nb4 12. a3 Na6 13. Qe3 Nc5 14.
Qxe7+ Kxe7 15. Ng3 Bd7 16. O-O-O Rhc8 17. Kb1 Bxc3 18. bxc3 Na4 19. Re1+ Kd8
20. c4 b5 21. cxb5 Rab8 22. Rc1 Nc3+ 23. Ka1 Bxb5 24. Bxb5 Rxb5 25. Rhe1 Rxd5
26. Ne2 Nb5 27. Rcd1 Rxd1+ 28. Rxd1+ Ke7 29. Kb2 Nd6 30. Nd4 g6 1/2-1/2

[Event "Elit(Kamraterna-Sollentuna)"]
[Site "?"]
[Date "2007.10.21"]
[Round "3"]
[White "Madebrink, Lars"]
[Black "Ong, Kezli"]
[Result "1-0"]
[WhiteElo "2242"]
[BlackElo "2373"]
[PlyCount "109"]

1. c4 e5 2. Nc3 Nf6 3. g3 d5 4. cxd5 Nxd5 5. Bg2 Nb6 6. Nf3 Nc6 7. O-O Be7 8.
d3 O-O 9. Be3 Be6 10. Rc1 f6 11. Ne4 Qd7 12. Nc5 Bxc5 13. Bxc5 Rfd8 14. Nd2 Bh3
15. Bxh3 Qxh3 16. b4 Rac8 17. b5 Nd4 18. Bxd4 exd4 19. Qb3+ Kh8 20. Nf3 Rd5 21.
Qb4 Qd7 22. a4 c5 23. bxc6 bxc6 24. Rc5 Qd6 25. Rfc1 Nd7 26. Qb7 Qb8 27. Rxc6
Rg8 28. Qxb8 Nxb8 29. Rc8 Nd7 30. R1c7 a5 31. Rxg8+ Kxg8 32. Rc4 Nb6 33. Rxd4
Rxd4 34. Nxd4 Nxa4 35. Kf1 Nc5 36. Ke1 Kf7 37. Kd2 g6 38. Kc3 Na4+ 39. Kb3 Nb6
40. Nc6 a4+ 41. Kb4 Ke6 42. Nd4+ Kd5 43. Nb5 Kc6 44. Nc3 Nd7 45. Nxa4 Ne5 46.
h3 Nf7 47. Kc3 Ng5 48. h4 Nh3 49. f3 h5 50. Kd2 g5 51. Ke3 Kd5 52. Nc3+ Ke5 53.
Ne4 gxh4 54. gxh4 f5 55. f4+ 1-0

[Event "Elit(Kamraterna-Sollentuna)"]
[Site "?"]
[Date "2007.10.21"]
[Round "3"]
[White "Couso, Luis"]
[Black "Svenn, Matti"]
[Result "1-0"]
[WhiteElo "2347"]
[BlackElo "2236"]
[PlyCount "119"]

1. e4 e5 2. Nf3 Nc6 3. Bb5 a6 4. Ba4 Nf6 5. O-O Be7 6. Re1 b5 7. Bb3 d6 8. c3
O-O 9. h3 Na5 10. Bc2 c5 11. d4 Qc7 12. Nbd2 Nc6 13. d5 Nd8 14. b3 Ne8 15. a4
Rb8 16. Nf1 f6 17. g4 Nf7 18. Ng3 g6 19. Kh2 Ng7 20. Be3 Bd7 21. Ra2 Qb7 22.
Qd2 Bd8 23. Rea1 Bb6 24. Ne1 Qc8 25. axb5 axb5 26. b4 Kh8 27. Ra6 f5 28. exf5
gxf5 29. gxf5 Nxf5 30. Nxf5 Bxf5 31. bxc5 Bxc5 32. Rc6 Qd7 33. Bxc5 dxc5 34.
Qe3 Bxc2 35. Nxc2 Qf5 36. Ne1 Ng5 37. Ra2 Ne4 38. Re2 Nxf2 39. Rxc5 Nd1 40.
Qxe5+ Qxe5+ 41. Rxe5 Rf2+ 42. Kg3 Rg8+ 43. Kh4 Ne3 44. d6 Nc4 45. Re6 Rd2 46.
Rxb5 Nxd6 47. Rg5 Rf8 48. Kg4 Nc4 49. Re4 Nb6 50. Rf5 Rc8 51. Nf3 Rg2+ 52. Kh5
Rxc3 53. Ng5 Rc8 54. Re7 Kg8 55. Rff7 Rxg5+ 56. Kxg5 Rc5+ 57. Rf5 Rc6 58. h4
Rg6+ 59. Kf4 Rc6 60. Rg5+ 1-0